[Event "Ì13Ï"]
[Site "Loo"]
[Date "2017.04.26"]
[Round "7.24"]
[White "Çûðÿíîâ, Êîíñòàíòèí."]
[Black "Êèðþøèí, Èâàí."]
[Result "1-0"]
[WhiteElo "1571"]
[BlackElo "1640"]
[PlyCount "63"]
[EventDate "2017.04.20"]

1. e4 e5 2. Nf3 Nc6 3. d4 exd4 4. Nxd4 Nf6 5. Nxc6 bxc6 6. Bd3 d6 7. O-O g6 8.
Bg5 Bg7 9. Nc3 O-O 10. Qf3 h6 11. Bh4 g5 12. Bg3 Bg4 13. Qe3 Bh5 14. f4 Ng4 15.
Qd2 Bd4+ 16. Kh1 Be3 17. Qe1 Bd4 18. Qd2 Be3 19. Qe1 Bb6 20. Qd2 Qf6 21. e5
dxe5 22. fxe5 Qg7 23. Rae1 Rfe8 24. Ne4 Bg6 25. Qe2 Bxe4 26. Qxe4 h5 27. h3 Nh6
28. Qxc6 Kf8 29. e6 f6 30. e7+ Kg8 31. Rxf6 h4 32. Rg6 1-0

[Event "Ì13Ï"]
[Site "Loo"]
[Date "2017.04.26"]
[Round "7.26"]
[White "Äîáøèíîâ, Âëàä."]
[Black "Ìàòóùàê, Íèêèòà."]
[Result "0-1"]
[WhiteElo "1602"]
[BlackElo "1406"]
[PlyCount "134"]
[EventDate "2017.04.20"]

1. e4 c6 2. Nf3 d5 3. Nc3 Bg4 4. h3 Bxf3 5. Qxf3 e6 6. d4 Nf6 7. Bd3 Be7 8. e5
Nfd7 9. Qg3 g6 10. Bh6 c5 11. O-O Nc6 12. dxc5 Nxc5 13. Nb5 Qd7 14. b4 Nxd3 15.
cxd3 O-O-O 16. Rfc1 Kb8 17. Bg7 Rhg8 18. Bf6 h5 19. Bxe7 Qxe7 20. Nd6 g5 21. b5
Nd4 22. Qe3 Nf5 23. Nxf5 exf5 24. b6 d4 25. Qd2 axb6 26. Rab1 Qe6 27. Rb5 Rd5
28. Rcb1 Rxb5 29. Rxb5 g4 30. h4 g3 31. f3 Qc6 32. Rb1 Qd5 33. Qb4 Qc5 34. Qxc5
bxc5 35. Rb6 Re8 36. f4 Re6 37. Rb2 Kc7 38. Kf1 Rg6 39. Ke2 Rg4 40. Kf3 Rxh4
41. Kxg3 Rg4+ 42. Kf3 h4 43. Rb3 Rg6 44. Rb5 Rg3+ 45. Kf2 Kc6 46. Rb3 b5 47.
Ra3 c4 48. Ra6+ Kc5 49. dxc4 bxc4 50. Rf6 Rg7 51. Rxf5 Kb4 52. Rf6 c3 53. Rb6+
Ka3 54. Rc6 Kxa2 55. Rc7 Rg4 56. Kf3 Rg3+ 57. Ke4 Rxg2 58. Kxd4 c2 59. f5 h3
60. e6 fxe6 61. fxe6 h2 62. e7 h1=Q 63. Rd7 Kb1 64. Rb7+ Kc1 65. e8=Q Rd2+ 66.
Kc3 Qf3+ 67. Kc4 Qxb7 0-1

[Event "Ì13Ï"]
[Site "Loo"]
[Date "2017.04.26"]
[Round "7.27"]
[White "Ëèëÿê, Àðñåíèé."]
[Black "Õóñíóëãàòèí, Àðòåì."]
[Result "1/2-1/2"]
[WhiteElo "1349"]
[BlackElo "1592"]
[PlyCount "102"]
[EventDate "2017.04.20"]

1. e4 e5 2. Nf3 Nc6 3. Bc4 Be7 4. d3 Nf6 5. Nc3 O-O 6. h3 d6 7. Bg5 Nd7 8. Bxe7
Qxe7 9. O-O Nb6 10. Bb5 Bd7 11. Na4 Nxa4 12. Bxa4 Qf6 13. a3 Qg6 14. Kh1 Be6
15. Re1 Ne7 16. c3 f5 17. Bb3 Kh8 18. Bxe6 Qxe6 19. exf5 Qxf5 20. Rf1 Ng6 21.
d4 Nf4 22. dxe5 dxe5 23. Nh4 Qg5 24. Qg4 Qxg4 25. hxg4 Nd3 26. f3 Rf6 27. Nf5
Nxb2 28. Ne3 Na4 29. Nd5 Rd6 30. Nxc7 Rc8 31. Nb5 Rb6 32. Rab1 Nxc3 33. Nxc3
Rxc3 34. Rxb6 axb6 35. Rb1 Rc6 36. Rb5 Re6 37. Rd5 h6 38. Rd7 Kh7 39. Rxb7 Kg6
40. a4 Kf6 41. a5 bxa5 42. Ra7 e4 43. Rxa5 e3 44. Ra1 Kg5 45. g3 Kf6 46. Re1
Ke7 47. Kg2 Kd6 48. f4 Kd5 49. Kf3 Kd4 50. Rd1+ Kc3 51. Ke2 Rg6 1/2-1/2

[Event "Ì13Ï"]
[Site "Loo"]
[Date "2017.04.26"]
[Round "7.28"]
[White "Áóñûãèí, Êèðèëë."]
[Black "Âàñèëüåâ, Èëüÿ."]
[Result "0-1"]
[WhiteElo "1468"]
[BlackElo "1779"]
[PlyCount "120"]
[EventDate "2017.04.20"]

1. d4 Nf6 2. Bf4 e6 3. e3 b6 4. Nf3 Bb7 5. Be2 Ne4 6. Nbd2 Bd6 7. Bxd6 Nxd6 8.
c3 O-O 9. O-O f5 10. Bd3 Ne4 11. Qc2 Nxd2 12. Nxd2 Nc6 13. f4 Ne7 14. Nf3 Rc8
15. b4 c5 16. Qb3 cxb4 17. cxb4 Nd5 18. Bc4 Rxc4 19. Qxc4 Nxe3 20. Qd3 Nxf1 21.
Rxf1 Bxf3 22. Rxf3 Qc7 23. h3 Rc8 24. a3 Qc4 25. Kf2 Qa2+ 26. Kg1 Qc4 27. Kf2
Qxd3 28. Rxd3 Kf7 29. g4 fxg4 30. hxg4 Kf6 31. d5 Rc4 32. dxe6 dxe6 33. Kf3 h6
34. Rb3 g5 35. fxg5+ hxg5 36. Rd3 a5 37. bxa5 bxa5 38. Rb3 a4 39. Rd3 Rc2 40.
Ke4 Re2+ 41. Kf3 Rh2 42. Kg3 Rb2 43. Rd8 Rb3+ 44. Kf2 Rxa3 45. Rf8+ Ke5 46. Rg8
Kf4 47. Re8 Ra2+ 48. Ke1 e5 49. Re7 a3 50. Ra7 Kxg4 51. Ra5 Kf4 52. Ra4+ e4 53.
Rb4 Rb2 54. Ra4 a2 55. Ra3 Rb1+ 56. Kf2 a1=Q 57. Rf3+ Ke5 58. Rf4 Rb2+ 59. Kg3
Qg1+ 60. Kh3 Rh2# 0-1

[Event "Ì13Ï"]
[Site "Loo"]
[Date "2017.04.26"]
[Round "7.29"]
[White "Äèêóíîâ, Àðòåì."]
[Black "Õàëèóëëèí, Àëüáåðò."]
[Result "0-1"]
[WhiteElo "1518"]
[BlackElo "1930"]
[PlyCount "54"]
[EventDate "2017.04.20"]

1. d4 e6 2. c4 Bb4+ 3. Bd2 Qe7 4. e3 Nf6 5. a3 Bxd2+ 6. Nxd2 O-O 7. Ngf3 d6 8.
Rc1 e5 9. Qc2 Nc6 10. d5 Nb8 11. Bd3 Nbd7 12. b4 b6 13. h3 a5 14. e4 g6 15. Nf1
Ne8 16. Ng3 Ng7 17. Nh2 f5 18. exf5 e4 19. f6 Nxf6 20. Nxe4 axb4 21. axb4 Nxe4
22. Bxe4 Ra2 23. Qxa2 Qxe4+ 24. Kf1 Bxh3 25. Rg1 Nf5 26. Qa3 Ne3+ 27. Qxe3 Qxe3
0-1

[Event "Ì13Ï"]
[Site "Loo"]
[Date "2017.04.26"]
[Round "7.30"]
[White "Ñìîëèí, Àëåêñåé."]
[Black "Êîíüêîâ, Ìèõàèë."]
[Result "1-0"]
[WhiteElo "1815"]
[BlackElo "1497"]
[PlyCount "55"]
[EventDate "2017.04.20"]

1. e4 e6 2. d4 d5 3. e5 c5 4. c3 Qb6 5. Nf3 Bd7 6. a3 Bb5 7. c4 dxc4 8. d5 Ne7
9. a4 Bd7 10. d6 Ng6 11. Nc3 Bc6 12. a5 Qd8 13. Bxc4 Bxf3 14. Qxf3 Nc6 15. Bf4
Ngxe5 16. Bxe5 Nxe5 17. Bb5+ Nd7 18. Qxb7 Rc8 19. Rd1 h5 20. O-O g5 21. Bc6 g4
22. Nb5 Rxc6 23. Qxc6 Bg7 24. Qc7 h4 25. Nxa7 g3 26. Nc6 gxh2+ 27. Kh1 Qg5 28.
Qc8+ 1-0

[Event "Ì13Ï"]
[Site "Loo"]
[Date "2017.04.26"]
[Round "7.31"]
[White "Íóäèí, Âëàäèñëàâ."]
[Black "Èîíî÷êèí, Ìàêñèì."]
[Result "1-0"]
[WhiteElo "1493"]
[BlackElo "1745"]
[PlyCount "99"]
[EventDate "2017.04.20"]

1. e4 c6 2. c4 d5 3. exd5 cxd5 4. cxd5 Nf6 5. Qa4+ Bd7 6. Qb3 Qc7 7. Nc3 e6 8.
dxe6 Bxe6 9. Qa4+ Nc6 10. Bb5 Bd6 11. Bxc6+ bxc6 12. Nf3 O-O 13. h3 Rfe8 14.
O-O Rab8 15. a3 Bb3 16. Qh4 Bf4 17. d4 Bxc1 18. Raxc1 Bc4 19. Rfd1 Qd6 20. Ne5
Bb3 21. Rd3 Rxe5 22. dxe5 Qxd3 23. exf6 Qg6 24. fxg7 Kxg7 25. Qd4+ Kg8 26. Ne4
Qg7 27. Qxg7+ Kxg7 28. Ng3 Bd5 29. b4 Kf6 30. f4 Ke7 31. Re1+ Kd7 32. Nf5 Be6
33. Nd4 Rg8 34. Nxe6 fxe6 35. Kf2 Rf8 36. Kf3 Rb8 37. Re5 Kd6 38. Ke4 Rg8 39.
g4 Re8 40. Rg5 Re7 41. Rh5 Rf7 42. Rh6 Kd7 43. Ke5 Rg7 44. Rf6 h5 45. g5 a6 46.
g6 h4 47. Rf7+ Rxf7 48. gxf7 Ke7 49. f8=Q+ Kxf8 50. Kxe6 1-0

[Event "Ì13Ï"]
[Site "Loo"]
[Date "2017.04.26"]
[Round "7.32"]
[White "Âîëêîâ, Âëàäèñëàâ."]
[Black "Øèëÿåâ, Ìàðê."]
[Result "1-0"]
[WhiteElo "1649"]
[BlackElo "1469"]
[PlyCount "85"]
[EventDate "2017.04.20"]

1. c4 e5 2. Nc3 Nf6 3. d3 Be7 4. Nf3 Nc6 5. g3 d6 6. Bg2 O-O 7. O-O h6 8. h3
Be6 9. Be3 Qd7 10. Kh2 d5 11. cxd5 Nxd5 12. Nxd5 Bxd5 13. Qc2 Rfe8 14. a3 Bf6
15. Rfd1 Qe6 16. Nd2 Bxg2 17. Kxg2 Qd5+ 18. Kh2 Nd4 19. Bxd4 Qxd4 20. Ne4 Qb6
21. Kg2 Be7 22. Rab1 f5 23. Qc4+ Kf8 24. Nc3 Bd6 25. Rdc1 Qc5 26. Qxc5 Bxc5 27.
Nd5 Bd6 28. Nxc7 Bxc7 29. Rxc7 Re7 30. Rbc1 b6 31. Rxe7 Kxe7 32. Rc7+ Kf6 33.
f4 Re8 34. Kf3 exf4 35. gxf4 a5 36. Rc6+ Re6 37. Rxe6+ Kxe6 38. e4 g6 39. e5 g5
40. d4 a4 41. fxg5 hxg5 42. Kg3 f4+ 43. Kg4 1-0

[Event "Ì13Ï"]
[Site "Loo"]
[Date "2017.04.26"]
[Round "7.33"]
[White "Ñìèðíîâ, ßðîñëàâ."]
[Black "Ëîêòèîíîâ, Êèðèëë."]
[Result "0-1"]
[WhiteElo "1488"]
[BlackElo "1627"]
[PlyCount "56"]
[EventDate "2017.04.20"]

1. d4 d5 2. c4 e6 3. Nf3 c5 4. cxd5 exd5 5. e3 Nf6 6. Nc3 Nc6 7. Be2 Be6 8. O-O
Bd6 9. Nb5 Be7 10. dxc5 Bxc5 11. Qc2 Bb6 12. Rd1 O-O 13. Nbd4 Rc8 14. Qb3 Ne4
15. Bd3 Na5 16. Qb4 Qf6 17. Nxe6 fxe6 18. Bxe4 Rc4 19. Bxh7+ Kxh7 20. Qa3 Rg4
21. Qd3+ Kg8 22. h3 Rxg2+ 23. Kxg2 Qxf3+ 24. Kg1 Qxf2+ 25. Kh1 Qf3+ 26. Kg1
Qg3+ 27. Kh1 Rf2 28. Qh7+ Kxh7 0-1

[Event "Ì13Ï"]
[Site "Loo"]
[Date "2017.04.26"]
[Round "7.34"]
[White "Ãîðÿ÷åâ, Âëàäèñëàâ."]
[Black "Íåëîâêî, Íèêèòà."]
[Result "1-0"]
[WhiteElo "1479"]
[BlackElo "1618"]
[PlyCount "67"]
[EventDate "2017.04.20"]

1. e4 c5 2. c4 Nc6 3. g3 g6 4. Bg2 Bg7 5. Nc3 d6 6. Nge2 e6 7. O-O Nge7 8. d3
O-O 9. f4 Rb8 10. Be3 a6 11. d4 cxd4 12. Nxd4 Qb6 13. Na4 Qc7 14. b3 b5 15.
cxb5 axb5 16. Nc3 Qb6 17. Nce2 e5 18. Nf5 Qc7 19. Nxg7 Kxg7 20. Nc3 f5 21. Nd5
Nxd5 22. Qxd5 Qd7 23. Rfd1 Rd8 24. Rac1 Ne7 25. Qd3 Bb7 26. fxe5 fxe4 27. Qxd6
Qxd6 28. exd6 Nf5 29. Bf4 Kg8 30. d7 Ra8 31. Bg5 e3 32. Bxb7 e2 33. Bxa8
exd1=Q+ 34. Rxd1 1-0

[Event "Ì13Ï"]
[Site "Loo"]
[Date "2017.04.26"]
[Round "7.35"]
[White "Ìîíãóø, Êåæèê."]
[Black "Ñàðêèñÿí, Àðòåì."]
[Result "0-1"]
[WhiteElo "1594"]
[BlackElo "1467"]
[PlyCount "90"]
[EventDate "2017.04.20"]

1. d4 c6 2. c4 d5 3. Nc3 Nf6 4. e3 Bg4 5. f3 Bh5 6. cxd5 cxd5 7. Qb3 e6 8. Qxb7
Nbd7 9. Qb3 Be7 10. Bd3 Rc8 11. Nge2 Nb6 12. O-O O-O 13. Kh1 Nc4 14. Bxc4 Rxc4
15. Nf4 Bd6 16. Nce2 Qc7 17. Bd2 Rb8 18. Qd3 Rxb2 19. Bc3 Rb8 20. Rfe1 Ba3 21.
Reb1 Rc8 22. Rb3 Bd6 23. Nxh5 Nxh5 24. g4 Nf6 25. Kg2 Nd7 26. a4 a5 27. Rab1
Rb8 28. Qd1 Rxb3 29. Qxb3 Bb4 30. Rc1 h6 31. Rc2 Nb6 32. e4 Nxa4 33. Qxa4 Bxc3
34. Nxc3 Rxc3 35. Qe8+ Kh7 36. Rxc3 Qxc3 37. Qxf7 dxe4 38. fxe4 Qc2+ 39. Qf2
Qxf2+ 40. Kxf2 a4 41. d5 exd5 42. exd5 Kg6 43. Ke3 Kf6 44. Kd3 Ke5 45. Kc4 a3
0-1

[Event "Ì13Ï"]
[Site "Loo"]
[Date "2017.04.26"]
[Round "7.36"]
[White "Ïëîòíèêîâ, Äàíèèë."]
[Black "Ùåòêèí, Êèðèëë."]
[Result "1/2-1/2"]
[WhiteElo "1472"]
[BlackElo "1594"]
[PlyCount "82"]
[EventDate "2017.04.20"]

1. d4 Nf6 2. Nf3 e6 3. c4 b6 4. Nc3 Bb7 5. Bf4 d6 6. e3 Be7 7. Bd3 Nbd7 8. O-O
O-O 9. Rc1 Nh5 10. Bg3 Nxg3 11. hxg3 f5 12. Kh2 Rf6 13. Rh1 Rh6+ 14. Kg1 Rxh1+
15. Kxh1 Nf6 16. Qb3 Qd7 17. c5 Bxf3 18. gxf3 dxc5 19. Bxf5 Kf7 20. Ne4 Nxe4
21. Bxe4 Rd8 22. dxc5 Bxc5 23. Kg2 g6 24. Rh1 Rh8 25. Qc2 Kg7 26. Qc3+ Kg8 27.
Bxg6 Qg7 28. Qxg7+ Kxg7 29. Be4 h6 30. Rd1 Bd6 31. f4 Kf6 32. Bc6 Rd8 33. b4
Rg8 34. b5 e5 35. Kf3 exf4 36. exf4 Rf8 37. Rd4 Kg7 38. Ra4 Rf5 39. Rxa7 Rc5
40. Rb7 Rc2 41. Bd5 Kf6 1/2-1/2

[Event "Ì13Ï"]
[Site "Loo"]
[Date "2017.04.26"]
[Round "7.37"]
[White "Òîðîïîâ, Ëåâ."]
[Black "Çàñïàíîâ, Êîíñòàíòèí."]
[Result "0-1"]
[WhiteElo "1460"]
[BlackElo "1588"]
[PlyCount "88"]
[EventDate "2017.04.20"]

1. e4 c5 2. Nf3 Nc6 3. c4 g6 4. d4 cxd4 5. Nxd4 Bg7 6. Be3 Nf6 7. Nc3 Ng4 8.
Qxg4 Nxd4 9. Qd1 e5 10. Qd2 O-O 11. Bxd4 exd4 12. Nd5 Re8 13. Bd3 d6 14. O-O
Be6 15. Nb4 Rc8 16. b3 Qh4 17. Nc2 Rc5 18. Ne1 Bh6 19. Nf3 Qh5 20. Qd1 Bg4 21.
Be2 Rxe4 22. Re1 Bf4 23. g3 Bxf3 24. Bxf3 Rxe1+ 25. Qxe1 Qxf3 26. gxf4 Qxf4 27.
Qe2 Rg5+ 28. Kh1 Re5 29. Qd3 Qxf2 30. Rg1 Re3 31. Rf1 Rxd3 32. Rxf2 Re3 33. Kg2
d3 34. Kf1 Kf8 35. Rd2 Ke7 36. Kg1 Ke6 37. h4 Ke5 38. h5 Ke4 39. hxg6 hxg6 40.
c5 dxc5 41. b4 cxb4 42. a3 bxa3 43. Ra2 b5 44. Kf2 Re2+ 0-1

[Event "Ì13Ï"]
[Site "Loo"]
[Date "2017.04.26"]
[Round "7.38"]
[White "Æåðäåâ, Ñâÿòîñëàâ."]
[Black "Çóåâ, Àëåêñàíäð."]
[Result "0-1"]
[WhiteElo "1293"]
[BlackElo "1559"]
[PlyCount "94"]
[EventDate "2017.04.20"]

1. e4 c5 2. Nf3 Nc6 3. c3 d5 4. exd5 Qxd5 5. d4 e6 6. Be2 Nf6 7. O-O cxd4 8.
cxd4 Be7 9. Nc3 Qd8 10. Be3 O-O 11. Ne5 a6 12. Bf3 Qc7 13. Bf4 Bd6 14. Re1 Rd8
15. Nxc6 bxc6 16. Bxd6 Qxd6 17. Qc2 Bb7 18. Rad1 Qc7 19. Ne4 Nxe4 20. Bxe4 f5
21. Bf3 Qf7 22. Qc4 Rd6 23. Re5 Re8 24. Rde1 Kh8 25. Rc5 Qc7 26. Rd1 e5 27. d5
e4 28. Bh5 Red8 29. Qc3 Qe7 30. Qh3 Qe5 31. Qc3 Qe7 32. h3 Qg5 33. Be2 f4 34.
Qb4 f3 35. Bf1 fxg2 36. Bxg2 cxd5 37. Kf1 Qh5 38. Rdc1 Ba8 39. Bxe4 Qxh3+ 40.
Bg2 Qf5 41. Qd4 h6 42. Re1 Rf6 43. Rcc1 Rfd6 44. Re3 Bc6 45. a4 Qg5 46. Rce1
Rf8 47. b3 Rdf6 {äàëåå çàïèñü íåðàçáîð~~èâà} 0-1

[Event "Ì13Ï"]
[Site "Loo"]
[Date "2017.04.26"]
[Round "7.39"]
[White "Ëèòâèíîâ, Äìèòðèé."]
[Black "Ñàâèöêèé, Êèðèëë."]
[Result "1/2-1/2"]
[WhiteElo "1548"]
[BlackElo "1508"]
[PlyCount "76"]
[EventDate "2017.04.20"]

1. e4 c5 2. c3 e6 3. d4 d5 4. exd5 exd5 5. Nf3 Nc6 6. Be3 c4 7. Be2 Bd6 8. O-O
Nge7 9. Qc1 O-O 10. Bf4 Ng6 11. Bg3 Bf5 12. Re1 Re8 13. Bf1 Qd7 14. Bxd6 Qxd6
15. Na3 a6 16. Qd2 Qd7 17. Nc2 Bxc2 18. Qxc2 f6 19. g3 Rxe1 20. Rxe1 Re8 21.
Re2 Rxe2 22. Qxe2 Qe7 23. Qxe7 Ngxe7 24. Bh3 Kf7 25. Kf1 g6 26. Ke2 h6 27. Ke3
b5 28. a3 Nd8 29. Ne1 Ne6 30. Nf3 Nc7 31. Ne1 Ne6 32. Nc2 Nc6 33. Nb4 Nxb4 34.
axb4 f5 35. Bg2 Nc7 36. f3 Kf6 37. g4 fxg4 38. fxg4 g5 1/2-1/2

[Event "Ì13Ï"]
[Site "Loo"]
[Date "2017.04.26"]
[Round "7.40"]
[White "Ïåòðîâ, Ìàêñèì."]
[Black "Ñåðîâ, Àëåêñàíäð."]
[Result "1-0"]
[WhiteElo "1359"]
[BlackElo "1539"]
[PlyCount "57"]
[EventDate "2017.04.20"]

1. d4 Nf6 2. c4 e6 3. Nf3 Bb4+ 4. Bd2 a5 5. e3 d6 6. Nc3 Nbd7 7. a3 Bxc3 8.
Bxc3 O-O 9. Be2 b6 10. O-O Bb7 11. Re1 c5 12. Bd3 d5 13. Qe2 Rc8 14. cxd5 Nxd5
15. Rac1 N7f6 16. Ne5 cxd4 17. Bxd4 Nf4 18. exf4 Qxd4 19. Qe3 Qxb2 20. Rb1 Qxa3
21. Bxh7+ Nxh7 22. Qxa3 Bd5 23. Rxb6 Rc7 24. h3 Rfc8 25. Qxa5 Rc5 26. Rb5 Rc2
27. Reb1 Rc1+ 28. Rxc1 Rxc1+ 29. Kh2 1-0

[Event "Ì13Ï"]
[Site "Loo"]
[Date "2017.04.26"]
[Round "7.41"]
[White "Íàçàðîâ, Äåíèñ."]
[Black "Ëîáîâ, Àëåêñàíäð."]
[Result "1/2-1/2"]
[WhiteElo "1534"]
[BlackElo "1447"]
[PlyCount "86"]
[EventDate "2017.04.20"]

1. e4 c5 2. d4 cxd4 3. c3 d5 4. cxd4 dxe4 5. Nc3 Nf6 6. Bc4 e6 7. Bf4 Bd6 8.
Bg5 Be7 9. Nge2 O-O 10. Bxf6 Bxf6 11. O-O Nc6 12. d5 exd5 13. Bxd5 Bf5 14. Bxe4
Bxe4 15. Nxe4 Re8 16. Qxd8 Raxd8 17. Nxf6+ gxf6 18. Ng3 Rd2 19. Nh5 Re6 20.
Rfe1 f5 21. Rab1 Kf8 22. Rxe6 fxe6 23. Ng3 Nb4 24. Rc1 Rc2 25. Rxc2 Nxc2 26.
Ne2 Ke7 27. Kf1 Kd6 28. Nc3 a6 29. Ke2 Nb4 30. f3 Nd5 31. Nxd5 Kxd5 32. Kd3 h5
33. f4 b6 34. b4 b5 35. a3 e5 36. fxe5 Kxe5 37. Ke3 f4+ 38. Kf3 Kf5 39. g3 fxg3
40. Kxg3 Kg5 41. h4+ Kf5 42. Kf3 Ke5 43. Ke3 Kf5 1/2-1/2

[Event "Ì13Ï"]
[Site "Loo"]
[Date "2017.04.26"]
[Round "7.42"]
[White "Áåëîâ, Äàíèëà."]
[Black "Âàëèóëëèí, Ðàôàýëü."]
[Result "0-1"]
[WhiteElo "1518"]
[BlackElo "1444"]
[PlyCount "102"]
[EventDate "2017.04.20"]

1. e4 d6 2. d4 Nf6 3. Nc3 g6 4. Be3 Nbd7 5. f3 c6 6. Qd2 b5 7. Nge2 Bb7 8. Bh6
Bxh6 9. Qxh6 a5 10. h4 e5 11. g4 Qb6 12. dxe5 dxe5 13. Bh3 O-O-O 14. O-O-O Kb8
15. h5 Qc7 16. Qg7 Rhf8 17. hxg6 hxg6 18. Ng3 Ne8 19. Qh6 Nd6 20. Qe3 Nc4 21.
Qe2 Nc5 22. a4 Ba6 23. axb5 Bxb5 24. Nxb5 cxb5 25. Kb1 Ne6 26. Bf1 Qc5 27. c3
Rxd1+ 28. Qxd1 Rd8 29. Qe1 Ng5 30. Bxc4 Nxf3 31. Qe2 Nd2+ 32. Kc1 Nxc4 33. Rf1
Qe3+ 34. Qxe3 Nxe3 35. Re1 Nxg4 36. Kc2 Kc7 37. Kb3 Kc6 38. Rf1 Rd7 39. Ra1 Kb6
40. Rh1 a4+ 41. Ka2 Rd8 42. Rh4 Ne3 43. Rh7 Rf8 44. Nh1 f5 45. Rh6 Rf6 46. Nf2
f4 47. Nd3 f3 48. Rh2 Ng4 49. Rh4 f2 50. Nxf2 Nxf2 51. Rh6 Nxe4 0-1

[Event "Ì13Ï"]
[Site "Loo"]
[Date "2017.04.26"]
[Round "7.44"]
[White "Ãóñåâ, Àëåêñàíäð."]
[Black "×óêëèí, Èâàí."]
[Result "1/2-1/2"]
[WhiteElo "1482"]
[BlackElo "1791"]
[PlyCount "82"]
[EventDate "2017.04.20"]

1. e4 c5 2. Nc3 Nc6 3. g3 d6 4. Bg2 g6 5. d3 Bg7 6. Nge2 e6 7. Be3 Nd4 8. O-O
Ne7 9. Qd2 O-O 10. Nd1 Nxe2+ 11. Qxe2 Nc6 12. c3 Rb8 13. f4 Qc7 14. Qf2 b6 15.
d4 cxd4 16. cxd4 Ba6 17. Re1 Nb4 18. Bf1 Nd3 19. Bxd3 Bxd3 20. Nc3 f5 21. e5
dxe5 22. dxe5 Rfd8 23. Red1 Ba6 24. Rac1 Rxd1+ 25. Rxd1 Bb7 26. Rd6 Bf8 27. Rd2
Qc6 28. Kf1 Bb4 29. Bd4 Rd8 30. a3 Qh1+ 31. Qg1 Qxg1+ 32. Kxg1 Bc5 33. Nb5 Bc6
34. Nd6 Bxd6 35. exd6 Rxd6 36. Bc3 Rxd2 37. Bxd2 Kf7 38. Kf2 Ke7 39. Bb4+ Kf6
40. Bc3+ Ke7 41. Bb4+ Kf6 1/2-1/2

[Event "Ì13Ï"]
[Site "Loo"]
[Date "2017.04.26"]
[Round "7.45"]
[White "Äåìåõèí, Ìàêñèì."]
[Black "Æèðÿêîâ, Ñòàíèñëàâ."]
[Result "1-0"]
[WhiteElo "1442"]
[BlackElo "1639"]
[PlyCount "81"]
[EventDate "2017.04.20"]

1. d4 Nf6 2. c4 e6 3. Nc3 Bb4 4. Nf3 b6 5. Bg5 d6 6. Qc2 Bxc3+ 7. bxc3 Bb7 8.
Nd2 Nbd7 9. e4 Qc8 10. f4 c5 11. Be2 Qc7 12. Rc1 h6 13. Bh4 d5 14. e5 Ng8 15.
cxd5 Bxd5 16. Bf3 Bxf3 17. Nxf3 Ne7 18. Bxe7 Kxe7 19. O-O g6 20. Nd2 Rhd8 21.
Ne4 Kf8 22. Nd6 Nf6 23. Qd2 Ne8 24. f5 exf5 25. Qxh6+ Ke7 26. Qg5+ Kf8 27. Qh6+
Ke7 28. Nxf5+ gxf5 29. Rxf5 Rd7 30. Qh4+ Ke6 31. Rf6+ Kd5 32. e6 Kc4 33. exd7
Nxf6 34. Qxf6 Rd8 35. Qxf7+ Kb5 36. c4+ Ka6 37. dxc5 Qxc5+ 38. Kh1 Qe3 39. Rd1
Qe5 40. Qd5 Qe7 41. Qd6 {äàëåå çàïèñü íåðàçáîð~~èâà} 1-0

[Event "Ì13Ï"]
[Site "Loo"]
[Date "2017.04.26"]
[Round "7.46"]
[White "Òàòàðöåâ, Àëåêñàíäð."]
[Black "Çóðàáÿí, Âàãå."]
[Result "1/2-1/2"]
[WhiteElo "1346"]
[BlackElo "1591"]
[PlyCount "120"]
[EventDate "2017.04.20"]

1. d4 Nf6 2. c4 e6 3. Nc3 c5 4. d5 exd5 5. cxd5 d6 6. e4 g6 7. Bb5+ Bd7 8. a4
Bg7 9. f4 O-O 10. Nge2 Re8 11. Bd3 Bg4 12. O-O Na6 13. h3 Bxe2 14. Qxe2 Nb4 15.
Be3 Nxd3 16. Qxd3 Qe7 17. e5 dxe5 18. fxe5 Nd7 19. Nb5 Nxe5 20. Qc2 Nc4 21. Bf4
Ne3 22. Bxe3 Qxe3+ 23. Kh1 Be5 24. Rf3 Qg5 25. Qxc5 Rec8 26. Qf2 a6 27. Nc3
Bxc3 28. bxc3 Qxd5 29. Rf1 f5 30. Qc2 Rc4 31. Rd3 Qc6 32. Qb3 Kh8 33. Rfd1 Re8
34. Rd7 b5 35. R1d6 Qc5 36. Rd8 Rxd8 37. Rxd8+ Kg7 38. axb5 axb5 39. Rd7+ Kh6
40. Rd3 f4 41. Qb2 Re4 42. Qd2 Qe5 43. Rd5 Qb8 44. Rd4 Qb7 45. Rd3 Ra4 46. Rd4
Qc7 47. g3 Rxd4 48. cxd4 g5 49. gxf4 Qxf4 50. Qc3 Qf1+ 51. Kh2 Qc4 52. Qe3 Qd5
53. Qd3 b4 54. Qa6+ Kg7 55. Qa7+ Kf6 56. Qb6+ Qe6 57. Qxb4 Qe2+ 58. Kg3 Qe3+
59. Kh2 Qf2+ 60. Kh1 Qf1+ 1/2-1/2

[Event "Ì13Ï"]
[Site "Loo"]
[Date "2017.04.26"]
[Round "7.47"]
[White "Þäèí, Äàíèë."]
[Black "Êàðàïåòÿí, Âàãðàì."]
[Result "1-0"]
[WhiteElo "1374"]
[BlackElo "1589"]
[PlyCount "83"]
[EventDate "2017.04.20"]

1. e4 c5 2. Nf3 Nc6 3. c3 d5 4. e5 Bg4 5. Bb5 Qb6 6. Bxc6+ Qxc6 7. h3 Bxf3 8.
Qxf3 e6 9. O-O Ne7 10. d3 Qc7 11. Bf4 Nc6 12. Re1 h6 13. Nd2 g6 14. a3 Bg7 15.
Qe2 O-O 16. c4 d4 17. Bg3 b6 18. Rab1 a5 19. f4 Nd8 20. Ne4 Nb7 21. Qg4 Rfc8
22. h4 h5 23. Qf3 Rd8 24. Ng5 Rdc8 25. Ne4 Rd8 26. Ng5 Rdc8 27. Ne4 Rd8 28. Re2
Re8 29. Ng5 Red8 30. f5 Bh6 31. fxe6 Bxg5 32. exf7+ Qxf7 33. Qxf7+ Kxf7 34.
hxg5 Re8 35. Rf1+ Kg7 36. Rf6 Ra6 37. e6 Re7 38. Be5 Kh7 39. Rf7+ Rxf7 40. exf7
Ra8 41. Bf6 Rf8 42. Re8 1-0

[Event "Ì13Ï"]
[Site "Loo"]
[Date "2017.04.26"]
[Round "7.48"]
[White "Íèêîëàåâ, Àíäðåé."]
[Black "Áðàòîâ, Àäåìèð."]
[Result "0-1"]
[WhiteElo "1406"]
[BlackElo "1579"]
[PlyCount "68"]
[EventDate "2017.04.20"]

1. d4 f5 2. c4 Nf6 3. Nc3 d6 4. Nf3 g6 5. Bf4 Bg7 6. e3 O-O 7. Be2 Qe8 8. O-O
h6 9. Bg3 Bd7 10. Qb3 b6 11. Rfc1 c5 12. h3 Na6 13. a3 Nc7 14. Rd1 Ne6 15. Qc2
cxd4 16. Nxd4 Ng5 17. Bd3 a6 18. Qb3 e5 19. Nde2 Rb8 20. Bc2 Nf7 21. Qa2 g5 22.
Re1 Qc8 23. Bb3 f4 24. exf4 exf4 25. Nxf4 gxf4 26. Bxf4 Nh5 27. Bh2 Bxc3 28.
bxc3 Qc5 29. Kh1 Ng5 30. Bg1 Qc6 31. Kh2 Kh8 32. h4 Nf3+ 33. gxf3 Rxf3 34. Re3
Nf4 0-1

[Event "Ì13Ï"]
[Site "Loo"]
[Date "2017.04.26"]
[Round "7.49"]
[White "Ðåâà, Ëåâ."]
[Black "Íàäâèäîâ, Àðñëàí."]
[Result "1/2-1/2"]
[WhiteElo "1558"]
[BlackElo "1512"]
[PlyCount "78"]
[EventDate "2017.04.20"]

1. c4 c5 2. Nc3 Nc6 3. Nf3 Nf6 4. d4 cxd4 5. Nxd4 d5 6. Bf4 a6 7. e3 e6 8. Nxc6
bxc6 9. a3 Bd6 10. Bxd6 Qxd6 11. Be2 O-O 12. O-O Nd7 13. cxd5 cxd5 14. Qd4 Bb7
15. Rfd1 Qb6 16. Rac1 Rac8 17. Na4 Qxd4 18. exd4 Rxc1 19. Rxc1 Rc8 20. Rxc8+
Bxc8 21. b4 Kf8 22. Nc5 Nb8 23. f4 Ke7 24. Kf2 Kd6 25. Ke3 Kc6 26. Bd3 g6 27.
g4 Kb6 28. a4 Bd7 29. a5+ Ka7 30. g5 Be8 31. Kd2 Bc6 32. Kc3 Be8 33. Kd2 Bc6
34. Kc3 Be8 35. Kd2 Bc6 36. Kc3 Be8 37. Kd2 Bc6 38. Kc3 Be8 39. Kd2 Bc6 1/2-1/2

[Event "Ì13Ï"]
[Site "Loo"]
[Date "2017.04.26"]
[Round "7.51"]
[White "Øåìàõàíîâ, Äàíèëà."]
[Black "Ïóãèí, Ñòåïàí."]
[Result "0-1"]
[WhiteElo "1522"]
[BlackElo "1425"]
[PlyCount "74"]
[EventDate "2017.04.20"]

1. e4 e5 2. Nf3 Nc6 3. c3 Nf6 4. d4 exd4 5. e5 Nd5 6. cxd4 Bb4+ 7. Bd2 Bxd2+ 8.
Qxd2 d6 9. Bc4 dxe5 10. dxe5 Be6 11. Bxd5 Qxd5 12. Qxd5 Bxd5 13. O-O O-O-O 14.
Re1 Bxf3 15. gxf3 Nd4 16. Nd2 Nc2 17. Nb3 Nxa1 18. Rxa1 Rhe8 19. f4 f6 20. Re1
fxe5 21. fxe5 Rd5 22. f4 g5 23. e6 gxf4 24. Kf2 Rd6 25. Nc5 b6 26. Ne4 Rdxe6
27. Kf3 Kd7 28. Kxf4 Rxe4+ 29. Rxe4 Rxe4+ 30. Kxe4 Ke6 31. h3 c5 32. b3 b5 33.
a3 a5 34. a4 b4 35. h4 h5 36. Kd3 Kd5 37. Ke2 c4 0-1

[Event "Ì13Ï"]
[Site "Loo"]
[Date "2017.04.26"]
[Round "7.52"]
[White "Èøóòêèí, Âëàäèñëàâ."]
[Black "Ðîãèíñêèé, Ðîäèîí."]
[Result "0-1"]
[WhiteElo "1307"]
[BlackElo "1485"]
[PlyCount "82"]
[EventDate "2017.04.20"]

1. d4 e5 2. c3 Nc6 3. e3 exd4 4. cxd4 d5 5. Nf3 Bd6 6. Bd3 Nge7 7. O-O f6 8.
Nbd2 Be6 9. b3 Qd7 10. Bb2 g5 11. Kh1 Nb4 12. Be2 h5 13. a3 Nbc6 14. Ng1 Rh6
15. e4 O-O-O 16. h3 Kb8 17. b4 Rdh8 18. Re1 Bg4 19. f3 Be6 20. Bb5 a6 21. Bf1
g4 22. e5 Nf5 23. Kh2 Be7 24. exf6 Bxf6 25. fxg4 Qd6+ 26. g3 Qxg3+ 27. Kh1 hxg4
28. Rxe6 gxh3 29. Qf3 h2 30. Ne2 Qxf3+ 31. Nxf3 Rg6 32. Ne5 Rg1+ 33. Nxg1 Ng3+
34. Kg2 h1=Q+ 35. Kxg3 Bxe5+ 36. dxe5 Qxg1+ 37. Kf3 Qh1+ 38. Ke3 Qe4+ 39. Kd2
Rh2+ 40. Kd1 Qc2+ 41. Ke1 Qd2# 0-1

[Event "Ì13Ï"]
[Site "Loo"]
[Date "2017.04.26"]
[Round "7.53"]
[White "Õàíæèí, Òèìóð."]
[Black "Õîëîïîâ, Ðîìàí."]
[Result "1-0"]
[WhiteElo "1751"]
[BlackElo "1199"]
[PlyCount "55"]
[EventDate "2017.04.20"]

1. Nf3 d5 2. g3 g6 3. Bg2 Bg7 4. d3 e5 5. O-O Ne7 6. Nbd2 O-O 7. e4 d4 8. Nc4
Nec6 9. a4 Nd7 10. Nh4 Nb6 11. Nxb6 axb6 12. Bd2 Qd6 13. f4 f5 14. exf5 Bxf5
15. Nxf5 Rxf5 16. Be4 Rf6 17. f5 Raf8 18. g4 h5 19. g5 R6f7 20. f6 Ne7 21. Qe2
Nd5 22. Bxg6 Nf4 23. Bxf4 Bxf6 24. Bxf7+ Kxf7 25. Bxe5 Kg6 26. Bxd6 Bxg5 27.
Bxf8 Be3+ 28. Kg2 1-0